00511 2200181 4500001002100000005001500021008004100036020001800077035001900095041000700114082001000121090001600131100002100147245008500168260004100253300002400294650001100318INLIS00000000001487620241224114828241224||||||||| | ||| |||| || |  a979-444-387-5 0010-1224014876 aid0 a531.5 a531.5 VAN g0 aJanice VanCleave00aGRAVITASI Berbagi Percobaan Menakjubkan Yang Dapat Dijadikan Proyek Pameran Sain aJakartabPustaka Utama Grafitic2007 avi,120hlm 17.5x25cm 0aFisika